Taylor Swift - Chansons de Reputation par longueur des titres - Statistiques

Statistiques générales
  • Ce quiz a été pris 70 fois
  • Le résultat moyen est 9 sur 11
Statistiques - réponses
Nombre de
caractères
Chansons % Correct
5 Dress
94%
8 Delicate / So It Goes... / Gorgeous
93%
7 End Game
91%
10 ...Ready For It? / Getaway Car / New Year's Day
91%
19 Look What You Made Me Do
87%
11 Don't Blame Me
85%
29 This Is Why We Can't Have Nice Things
81%
16 I Did Something Bad
80%
13 King Of My Heart
78%
17 Call It What You Want
76%
23 Dancing With Our Hands Tied
76%
Aucun quiz correspondant
Distribution des résultats
% des personnes avec chaque résultat
Percentile par nombre de réponses
Votre historique - résultats
Vous n’avez pas pris ce quiz